01945nam a2200457Ia 4500001001200000003000800012006001900020007001500039008004100054010001700095020001800112020001500130040002100145035002100166050002900187245012400216260004400340300003100384490003900415500005100454504006400505533015200569650002900721651005200750651005200802651005400854651005400908651005200962651005201014651005401066651005401120651002701174651002901201655002901230700001901259710001601278710001701294830003301311856012601344999001701470ebr10294856CaPaEBRm u cr cn|||||||||081211s2009 dcua sb 001 0 eng d z 2008051568 z9780821377765 z0821377760 aCaPaEBRcCaPaEBR a(OCoLC)52681270314aHF1583.3.Z4bC459 2009eb00aStrengthening China's and India's trade and investment ties to the Middle East and North Africah[electronic resource]. aWashington, D.C. :bWorld Bank,cc2009. axxvii, 187 p. :bcol. ill.1 aOrientations in development series aReport prepared by a team led by Miria Pigato. aIncludes bibliographical references (p. 169-177) and index. aElectronic reproduction.bPalo Alto, Calif. :cebrary,d2009.nAvailable via World Wide Web.nAccess may be limited to ebrary affiliated libraries. 0aInternational relations. 0aMiddle EastxForeign economic relationszChina. 0aChinaxForeign economic relationszMiddle East. 0aAfrica, NorthxForeign economic relationszChina. 0aChinaxForeign economic relationszAfrica, North. 0aMiddle EastxForeign economic relationszIndia. 0aIndiaxForeign economic relationszMiddle East. 0aAfrica, NorthxForeign economic relationszIndia. 0aIndiaxForeign economic relationszAfrica, North. 0aMiddle EastxCommerce. 0aAfrica, NorthxCommerce. 7aElectronic books.2local1 aPigato, Miria.2 aWorld Bank.2 aebrary, Inc. 0aOrientations in development.40uhttp://site.ebrary.com/lib/rucke/Doc?id=10294856zAn electronic book accessible through the World Wide Web; click to view c76635d76635